000 00215nam a22000857a 4500
008 170614b xxu||||| |||| 00| 0 eng d
100 _93422
_aAggarwal. R. S
245 _aMathematics Class - 8
260 _aPatna
_bB. B
_c2010
999 _c6789
_d6789